Угадай аниме по кадру №1 - Statistics

General Stats
  • This quiz has been taken 25 times
  • The average score is 9 of 20
Answer Stats
Picture Answer % Correct
"Атака титанов" / "Attack on Titan"
84%
"Баскетбол Куроко" / "Kuroko's Basketball"
84%
"Эта фарфоровая кукла влюбилась" / "My Dress-up darling"
79%
"Этот глупый свин не понимает мечту девочки-зайки" / "Rascal Does Not Dream"
74%
"Токийский гуль" / "Tokyo Ghoul"
74%
"Юри на льду" / "Yuri on Ice"
68%
"Ванпанчмен" / "One Punch Man"
63%
"Убийца Акамэ" / "Akame ga Kill"
53%
"Госпожа Кагуя: В любви как на войне" / "Kaguya-sama: Love is War"
53%
"Волчица и пряности" / "Spice and Wolf"
47%
"Семь смертных грехов" / "The Seven Deadly Sins"
42%
"Судьба: Ночь схватки" / "Fate: Stay Night"
37%
"О моём перерождении в слизь" / "That Time I Got Reincarnated as a Slime"
37%
"Кланнад" / "Clannad"
26%
"Золотая пора" / "Golden Time"
26%
"Бек: Восточная ударная группа" / "Beck: Mongolian Chop Squad"
21%
"Детройт, город метала" / "Detroit Metal City"
21%
"Рандеву с жизнью" / "Date a Live"
16%
"Пингвиний барабан" / "Penguin Drum"
16%
"Готика" / "Gosick"
11%
No matching quizzes found
Score Distribution
Percent of People with Each Score
Percentile by Number Answered
Your Score History
You have not taken this quiz